000 01082aab a2200205 i 4500
001 768714001
003 CO-MdFUSB
005 20240422113428.0
008 240405b1991 ag ||||| |||| 00| 0 spa d
040 _bspa
_cCO-MdFUSB
041 _aspa
100 1 _aCamargo López, Jesús
_eautor
245 3 _aLa familia, ¿artículo desechable?
_c/ Jesús Camargo López y Carmen Pérez de Camargo
300 _aVolumen 10, número 2 (abril - junio, 1991), páginas: 32 - 33
_c; 27 cm
520 _aLa sociedad consumista utiliza el máximo confort en todas sus actividades como una necesidad y un valor agregado al desarrollo tecnológico. Por tanto, la mente y el corazón deben estar infundidos con principios bíblicos para prevenir la tentación y la necesidad de bienestar. Este enfoque evitará que la cómoda mentalidad de la sociedad dañe su relación y su familia.
650 0 _aFamilias
_9292
700 1 _aPérez de Camargo, Carmen
773 0 _tIglesia y Misión
_049402
_959664
_gVolumen 10, número 2 (abril - junio, 1991), páginas: 32 - 33
_qpágina: 32
942 _cANA
999 _c51919
_d51919